000 00357nam a2200133Ia 4500
008 220214s9999 xx 000 0 und d
022 _a0445-801x
245 0 _aIndian Press
260 _bIndian and Eastern Newspapers Society
_aNew Delhi
310 _aM
500 _aEnding Volume & Year: 5, 1978
500 _aStarting Volume & Year: 4, 1977
942 _cBJ
999 _c6269
_d6269